Standard methods for the examination of water and wastewater. (Record no. 550044)
[ view plain ]
| 000 -LEADER | |
|---|---|
| fixed length control field | 00828cam a2200229 4500 |
| 020 ## - INTERNATIONAL STANDARD BOOK NUMBER | |
| International Standard Book Number | 0875530788 |
| 082 ## - DEWEY DECIMAL CLASSIFICATION NUMBER | |
| Classification number | 628.1 |
| Author Mark | EAT |
| -- | N-0,P-158 |
| 245 00 - TITLE STATEMENT | |
| Title | Standard methods for the examination of water and wastewater. |
| Statement of responsibility, etc. | Prepared and published jointly by American Public Health Assoc., American Water Works Assoc. [and] Water Pollution Control Federation. |
| 250 ## - EDITION STATEMENT | |
| Edition statement | 21st ed. |
| 260 ## - PUBLICATION, DISTRIBUTION, ETC. | |
| Place of publication, distribution, etc. | Washington, |
| Date of publication, distribution, etc. | 1976. |
| 300 ## - PHYSICAL DESCRIPTION | |
| Extent | xxxix, 1193 p. |
| Other physical details | illus. |
| Dimensions | 24 cm. |
| 500 ## - GENERAL NOTE | |
| General note | Includes index. |
| 526 ## - STUDY PROGRAM INFORMATION NOTE | |
| Program name | 0 |
| Interest level | 1 |
| Reading level | 0 |
| Title point value | 628_100000000000000_EAT |
| 650 #0 - SUBJECT ADDED ENTRY--TOPICAL TERM | |
| Topical term or geographic name entry element | Sewage |
| General subdivision | Analysis. |
| 650 #0 - SUBJECT ADDED ENTRY--TOPICAL TERM | |
| Topical term or geographic name entry element | Water |
| General subdivision | Analysis. |
| 9 (RLIN) | 6133 |
| 650 #2 - SUBJECT ADDED ENTRY--TOPICAL TERM | |
| Topical term or geographic name entry element | Sewage |
| General subdivision | analysis. |
| 650 #2 - SUBJECT ADDED ENTRY--TOPICAL TERM | |
| Topical term or geographic name entry element | Water Microbiology |
| 9 (RLIN) | 5836 |
| 650 #2 - SUBJECT ADDED ENTRY--TOPICAL TERM | |
| Topical term or geographic name entry element | Water Pollution. |
| 9 (RLIN) | 5924 |
| 650 #7 - SUBJECT ADDED ENTRY--TOPICAL TERM | |
| Topical term or geographic name entry element | Biologia Aquatica |
| 9 (RLIN) | 6393 |
| 650 #7 - SUBJECT ADDED ENTRY--TOPICAL TERM | |
| Topical term or geographic name entry element | Tratamento E Qualidade Da Agua |
| 9 (RLIN) | 6394 |
| 942 ## - ADDED ENTRY ELEMENTS (KOHA) | |
| Source of classification or shelving scheme | |
| Koha item type | Book |
| Withdrawn status | Lost status | Source of classification or shelving scheme | Damaged status | Not for loan | Permanent Location | Current Location | Date acquired | Total Checkouts | Total Renewals | Full call number | Barcode | Date last seen | Date last checked out | Price effective from | Koha item type |
|---|---|---|---|---|---|---|---|---|---|---|---|---|---|---|---|
| Military College of Engineering (MCE) | Military College of Engineering (MCE) | 10/21/2014 | 2 | 1 | 628.1 EAT | MCE-39207 | 10/21/2014 | 10/21/2014 | 10/21/2014 | Book |
